Educar en l'ús saludable de les pantalles : Guia per a famílies / Guia per a famílies /
MARC
| LEADER | 00000nam a22000007a 4500 | ||
|---|---|---|---|
| 001 | 27644 | ||
| 003 | Arxiu | ||
| 005 | 20260324181158.0 | ||
| 008 | 230404b spa||||| |||| 00| 0 cat d | ||
| 017 | |a B 14081-2021 | ||
| 040 | |a agdb |b cat | ||
| 110 | 1 | |9 52862 |a Barcelona (Catalunya : Província). |b Centre de Prevenció i Intervenció en Drogodependències SPOTT | |
| 245 | |a Educar en l'ús saludable de les pantalles : |b Guia per a famílies / |c Centre SPOTT | ||
| 260 | |a Barcelona : |b Diputació de Barcelona ; |c 2021 | ||
| 300 | |a 23 pàgines ; |b il·lustracions en color ; |c 21 x 30 cm | ||
| 650 | 0 | |9 56139 |a Adolescents |x Xarxes socials |x Aspectes psicològics | |
| 650 | 0 | |9 56140 |a Adolescents i Internet |x Aspectes psicològics | |
| 650 | 0 | |9 31486 |a Adolescents |x Assistència institucional |x Barcelona (Catalunya : Província) | |
| 655 | 0 | |a Fulletons |9 55858 | |
| 710 | |a Barcelona (Catalunya : Província). |b Àrea d'Igualtat i Sostenibilitat Social |9 55833 | ||
| 856 | 4 | 0 | |u https://www.diba.cat/documents/130988559/378117872/Educar+en+l%27%C3%BAs+saludable+de+les+pantalles.+Guia+per+a+fam%C3%ADlies.pdf/cce4cb32-fa93-fb96-21bf-7a65e6629278?t=1666596286019 |z Accés lliure |
| 942 | |2 udc |c ARXIU |n 1 | ||
| 952 | |0 0 |1 0 |2 udc |4 0 |6 FU7530 |7 1 |9 65932 |a Arxiu |b Arxiu |d 2023-04-04 |l 0 |o FU-75-30 |p 27644 |r 2023-04-04 00:00:00 |w 2023-04-04 |y ARXIU | ||
| 999 | |c 83309 |d 83309 | ||